Project management : (Record no. 3363)
[ view plain ]
| 000 -LEADER | |
|---|---|
| fixed length control field | 01375cam a2200265 a 4500 |
| 020 ## - INTERNATIONAL STANDARD BOOK NUMBER | |
| ISBN | 9780073403342 (alk. paper) |
| 020 ## - INTERNATIONAL STANDARD BOOK NUMBER | |
| ISBN | 0073403342 (alk. paper) |
| 020 ## - INTERNATIONAL STANDARD BOOK NUMBER | |
| ISBN | 9780071289290 (pbk.) |
| 020 ## - INTERNATIONAL STANDARD BOOK NUMBER | |
| ISBN | 0071289291 (pbk.) |
| 050 00 - CALL NUMBER | |
| Classification number | HD69.P75 |
| Item number | G72 |
| 100 1# - AUTHOR | |
| Personal name | Larson, Erik W., |
| 245 10 - TITLE | |
| Title | Project management : |
| Remainder of title | the managerial process / |
| Statement of responsibility, etc | Erik W. Larson, Clifford F. Gray. |
| 250 ## - EDITION | |
| Edition statement | 5th ed. |
| 260 ## - PUBLICATION INFORMATION | |
| Place of publication | New York : |
| Name of publisher | McGraw-Hill Irwin, |
| Year of publication | c2011. |
| 300 ## - DESCRIPTION | |
| Number of Pages | xvi, 671 p. : |
| Other physical details | ill. ; |
| Dimensions | 27 cm. + |
| Accompanying material | 2 CD-ROMs (4 3/4 in.) |
| 500 ## - NOTES | |
| General note | Gray's name appears first on the earlier editions. |
| 500 ## - NOTES | |
| General note | Includes index. |
| 505 ## - FORMATTED CONTENTS NOTE | |
| Table of Content | Modern project management --<br/>Organization strategy and culture --<br/>Defining the project --<br/>Estimating project times and costs --<br/>Developing a project plan --<br/>Managing risk --<br/>Scheduling resources and costs --<br/>Reducing project duration --<br/>Leadership : being an effective project manager --<br/>Managing project teams --<br/>Outsourcing : managing interorganizational relations --<br/>Progress and performance --<br/>Project closure --<br/>International projects --<br/>Oversight --<br/>An introduction to agile project management --<br/>Project management career paths. |
| 650 #0 - SUBJECTS | |
| Topical Term | Project management. |
| 650 #0 - SUBJECTS | |
| Topical Term | Time management. |
| 650 #0 - SUBJECTS | |
| Topical Term | Risk management. |
| 700 1# - OTHER AUTHORS | |
| Personal name | Gray, Clifford F. |
| 700 1# - OTHER AUTHORS | |
| Personal name | Gray, Clifford F. |
| 942 ## - ADDED ENTRY ELEMENTS (KOHA) | |
| Koha item type | Books |
| Withdrawn status | Lost status | Collection code | Home library | Current library | Shelving location | Date acquired | Full call number | Accession Number | Koha item type |
|---|---|---|---|---|---|---|---|---|---|
| Reference | Methodist University Library Main | Methodist University Library Main | General Stacks | 22/10/2013 | HD69.P75 .G72 | 38607 | Books | ||
| Reference | Methodist University Library Main | Methodist University Library Main | General Stacks | 22/10/2013 | HD69.P75 .G72 | 38676 | Books | ||
| Reference | Methodist University Library Main | Methodist University Library Main | General Stacks | 22/10/2013 | HD69.P75 .G72 | 38606 | Books |